Bill Murray Movies! - Statistics

General Stats
  • This quiz has been taken 29 times
  • The average score is 21 of 78
Answer Stats
Year Movie % Correct
1984 Ghostbusters
100%
2016 Ghostbusters
100%
1993 Groundhog Day
96%
1980 Caddyshack
87%
2003 Lost in Translation
83%
1988 Scrooged
78%
1981 Stripes
78%
1989 Ghostbusters II
65%
2009 Zombieland
65%
2001 The Royal Tenenbaums
57%
2021 Ghostbusters: Afterlife
52%
2024 Ghostbusters: Frozen Empire
52%
1998 Rushmore
52%
2014 The Grand Budapest Hotel
52%
2004 The Life Aquatic With Steve Zissou
52%
2018 Isle of Dogs
48%
1979 Meatballs
43%
2012 Moonrise Kingdom
43%
2014 St. Vincent
43%
1991 What About Bob?
39%
2009 Fantastic Mr. Fox
35%
2004 Garfield: The Movie
35%
2007 The Darjeeling Limited
35%
2021 The French Dispatch
35%
1997 The Man Who Knew Too Little
35%
2000 Charlie's Angels
30%
1996 Kingpin
30%
1986 Little Shop of Horrors
30%
2014 The Monuments Men
30%
2019 Zombieland: Double Tap
30%
1994 Ed Wood
26%
1996 Larger Than Life
26%
2020 On the Rocks
26%
1996 Space Jam
26%
1982 Tootsie
26%
2023 Ant-Man and the Wasp: Quantumania
22%
2005 Broken Flowers
22%
1980 Where the Buffalo Roam
22%
2006 Garfield: A Tail of Two Kitties
17%
2008 Get Smart
17%
2001 Osmosis Jones
17%
2022 The Greatest Beer Run Ever
17%
2016 The Jungle Book
17%
1984 The Razor's Edge
17%
2015 Aloha
13%
2008 City of Ember
13%
2012 Hyde Park on Hudson
13%
1980 Loose Shoes
13%
1990 Quick Change
13%
2015 A Very Murray Christmas
9%
2019 The Dead Don't Die
9%
2009 The Limits of Control
9%
TBD The Phoenician Scheme
9%
1998 Wild Things
9%
1984 B.C. Rock
4%
TBD Being Mortal
4%
2003 Coffee and Cigarettes
4%
1999 Cradle Will Rock
4%
2014 Dumb and Dumber To
4%
2010 Get Low
4%
2000 Hamlet
4%
1993 Mad Dog and Glory
4%
1976 Next Stop, Greenwich Village
4%
2011 Passion Play
4%
TBD Riff Raff
4%
2015 Rock the Kasbah
4%
1988 She's Having A Baby
4%
2005 The Lost City
4%
2012 A Glimpse Inside the Mind of Charles Swan III
0%
2011 Drive Angry
0%
2017 Ingrid Goes West
0%
1979 Mr. Mike's Mondo Video
0%
2021 New Worlds: The Cradle of Civilization
0%
1984 Nothing Lasts Forever
0%
2001 Speaking of Sex
0%
1979 Tarzoon: Shame of the Jungle
0%
TBD The Springs
0%
1998 With Friends Like These...
0%
No matching quizzes found
Score Distribution
Percent of People with Each Score
Percentile by Number Answered
Your Score History
You have not taken this quiz